| 000 | 01070nac a22002531u 4500 | ||
|---|---|---|---|
| 008 | 101101t xxu||||| |||| 00| 0 eng d | ||
| 010 | _a 94034933 | ||
| 020 | _a007019579X | ||
| 020 | _a9780070195790 | ||
| 082 | 0 | 0 |
_a657.044076 _bENG |
| 100 |
_aEnglard, Baruch. _920830 |
||
| 245 | 1 | 0 |
_aSchaum's Outline of Theory and Problems of Intermediate Accounting I / _cBaruch Englard. |
| 260 |
_aNew York : _bMcGraw-Hill,1995 _cc1995. |
||
| 300 |
_axi, 329 p. ; _c28 cm. |
||
| 490 | 0 |
_aSchaum's outline series _920831 |
|
| 500 | _aIncludes index. | ||
| 511 | _acatalogued by: wesssam | ||
| 650 | 0 |
_920832 _aAccounting _xProblems, exercises, etc. |
|
| 740 | 0 | _aTheory and problems of intermediate accounting I. | |
| 856 | 4 | 2 |
_3Publisher description _uhttp://www.loc.gov/catdir/description/mh022/94034933.html |
| 856 | 4 | 2 |
_3Contributor biographical information _uhttp://www.loc.gov/catdir/enhancements/fy0665/94034933-b.html |
| 856 | 4 | 2 |
_3Table of contents only _uhttp://www.loc.gov/catdir/enhancements/fy0665/94034933-t.html |
| 942 |
_cBB _k657.044076 ENG _2ddc |
||
| 999 |
_c5966 _d5966 |
||